Multiplier evolution : a family of multiplier VLSI implementations /

Guardat en:
Dades bibliogràfiques
Autor principal: Colon-Bonet, Glenn.
Altres autors: Winterrowd Jr, Paul.
Format: Article
Idioma:English
Matèries:
Etiquetes: Afegir etiqueta
Sense etiquetes, Sigues el primer a etiquetar aquest registre!
Thư viện lưu trữ: Thư viện Trường Đại học Đà Lạt
LEADER 00881nam a2200289 4500
001 DLU090067121
005 ##20090422
040 # # |a DLU  |b eng 
041 # # |a eng 
044 # # |a UK 
100 # # |a Colon-Bonet, Glenn.  
245 # # |a Multiplier evolution : a family of multiplier VLSI implementations /  |c Glenn Colon-Bonet, Paul Winterrowd Jr. 
653 # # |a Digital arithmetic 
653 # # |a Floating point arithmetic 
653 # # |a Microprocessors 
653 # # |a Multiplication 
700 # # |a Winterrowd Jr, Paul.  
773 # # |t The Computer Journal  |g Vol. 51, no. 5 (September 2008), p. 585-594 
920 # # |a Phòng Tạp chí -- Trung tâm Thông tin - Thư viện Trường Đại học Đà Lạt 
994 # # |a DLU 
900 # # |a True 
911 # # |a Trương Bảo Trâm Anh 
925 # # |a G 
926 # # |a A 
927 # # |a BB 
980 # # |a Thư viện Trường Đại học Đà Lạt